000 002340000a22000970004500
100 1 _aSeitz, Christopher R.
245 1 0 _aOld Testament apocalyptic
300 _aVol. 17, Núm 3 (1999), Páginas 74-76
773 0 _tEvangel
942 _cANA
999 _c54436
_d54436